Music Quiz

Random Music or Artist Quiz

Original Band Aid Quiz Stats

 Plays Quiz Updated Jan 10, 2012

Score 0/44 Timer 08:00
0 Plays Today
Band Artist % Correct
U2Bono
91.2%
The PoliceSting
89.8%
Duran DuranSimon Le Bon
88.7%
GenesisPhil Collins
87.9%
Wham!George Michael
83.6%
Culture ClubBoy George
82.9%
The Boomtown RatsBob Geldof
52.4%
Solo artistsPaul McCartney
34.6%
UltravoxMidge Ure
31.5%
Duran DuranJohn Taylor
30.5%
Duran DuranRoger Taylor
29.5%
Duran DuranAndy Taylor
29.4%
Spandau BalletMartin Kemp
27.6%
The Style CouncilPaul Weller
26.8%
Spandau BalletGary Kemp
25.7%
U2Adam Clayton
25.5%
Kool & The GangJames 'J.T.' Taylor
24.2%
Spandau BalletTony Hadley
22.8%
Frankie Goes to HollywoodHolly Johnson
21.1%
Solo artistsPaul Young
20%
Status QuoFrancis Rossi
19.5%
Duran DuranNick Rhodes
16.6%
Band Artist % Correct
Status QuoRick Parfitt
16.5%
BananaramaSiobhan Fahey
12.3%
Solo artistsDavid Bowie
9.4%
Big CountryStuart Adamson
9%
Culture ClubJon Moss
7.5%
BananaramaKeren Woodward
7%
The Boomtown RatsJohnny Fingers
6.4%
Solo artistsMarilyn
6.3%
ShalamarJody Watley
5.9%
Spandau BalletSteve Norman
5.5%
Heaven 17Glenn Gregory
4.5%
Spandau BalletJohn Keeble
4.4%
BananaramaSara Dallin
4.2%
Kool & The GangRobert 'Kool' Bell
3.9%
Heaven 17Martyn Ware
3.8%
UltravoxChris Cross
3.7%
Big CountryBruce Watson
3.1%
Kool & The GangDennis Thomas
3%
Big CountryTony Butler
2.9%
The Boomtown RatsSimon Crowe
2.8%
The Boomtown RatsPete Briquette
2.8%
Big CountryMark Brzezicki
2.2%

You're not logged in!

Compare scores with friends on all Sporcle quizzes.
OR
Log In

Sporcle TV

Today on Sporcle TV


Watch our educational content, quiz creation guides, and fun videos on Sporcle TV.

Show Comments

Extras

Top Quizzes Today


Score Distribution

Your Account Isn't Verified!

In order to create a playlist on Sporcle, you need to verify the email address you used during registration. Go to your Sporcle Settings to finish the process.

Report this User

Report this user for behavior that violates our Community Guidelines.

Details: